| 000 | 00647nac a22001451u 4500 | ||
|---|---|---|---|
| 008 | 090317s2002 xxu||||| |||| 00| 0 ara d | ||
| 020 | _a9771802348 | ||
| 082 |
_a330.962 _bح ر ب |
||
| 245 |
_aعلاج مصر الاقتصادى : _bومشروع بنك المصريين أو بنك الأمة / _cمحمد طلعت حرب ؛ دراسة رؤوف عباس حامد |
||
| 260 |
_aالقاهرة : _bدار الكتب والوثائق القومية ،2002 _c2002. |
||
| 300 |
_a189 ص : _bايض ؛ _c32 سم. |
||
| 650 |
_aمصر _920251 _xالأحوال الإقتصادية |
||
| 650 |
_aالبنوك _920447 _zمصر |
||
| 942 |
_cBB _k330.962 ح ر ب _2ddc |
||
| 999 |
_c8171 _d8171 |
||